American cars (Sudden Death) - Statistics

General Stats
  • This quiz has been taken 186 times
  • The average score is 11 of 14
Answers on the Grid
Answers color-coded by a green-red scale on the quiz's grid according to % correct below.
Ford Mustang Shelby Gt500
Dodge Challenger SRT Demon 170
BYD Atto 3
Koenigsegg Gemera
Tesla Speedster
Nissan Altima
Mazda RX7
Ford Explorer
Audi RS6
Lamborghini Aventador SVJ
Dodge Charger SRT
Chevrolet Corvette ZR1
Ford Focus
Porsche 911 Dakar
Audi R8
Chevrolet Trailblazer
Hennessy Venom F5
Nissan R34
Hennessy Venom GT
Bugatti Chiron
Bugatti Tourbillon
Ford Mustang GT
Toyota Supra
Dodge Neon
Fiat Multiplia
Ford Taurus
Lamborghini Murcielago
Chevrolet Camaro
 
Answer Stats
Answer % Correct
Ford Mustang Shelby Gt500
100%
Dodge Challenger SRT Demon 170
95%
Tesla Speedster
86%
Dodge Charger SRT
81%
Ford Mustang GT
81%
Chevrolet Corvette ZR1
80%
Ford Explorer
80%
Chevrolet Camaro
79%
Ford Focus
79%
Chevrolet Trailblazer
78%
Ford Taurus
78%
Dodge Neon
77%
Hennessy Venom F5
69%
Hennessy Venom GT
69%
No matching quizzes found
Score Distribution
Percent of People with Each Score
Percentile by Number Answered
Your Score History
You have not taken this quiz